<?xml version="1.0" encoding="UTF-8"?>
<collection xmlns="http://www.loc.gov/MARC21/slim">
 <record>
  <leader>03234pam a22003378a 4500</leader>
  <controlfield tag="001">00031733</controlfield>
  <controlfield tag="005">20171026081025.0</controlfield>
  <controlfield tag="008">140211s2013                  ||||||viesd</controlfield>
  <datafield tag="020" ind1="#" ind2="#">
   <subfield code="c">0</subfield>
  </datafield>
  <datafield tag="041" ind1="0" ind2="#">
   <subfield code="a">vie</subfield>
  </datafield>
  <datafield tag="082" ind1="1" ind2="4">
   <subfield code="a">620.007</subfield>
   <subfield code="b">T103L</subfield>
  </datafield>
  <datafield tag="100" ind1="1" ind2="#">
   <subfield code="a">Trương, Văn Hòa</subfield>
  </datafield>
  <datafield tag="245" ind1="1" ind2="0">
   <subfield code="a">Tài liệu hỗ trợ giáo viên tập sự môn Công nghệ</subfield>
   <subfield code="c">Trương Văn Hòa</subfield>
   <subfield code="b">Phần Kỹ thuật công nghiệp</subfield>
  </datafield>
  <datafield tag="260" ind1="#" ind2="#">
   <subfield code="a">Hà Nội</subfield>
   <subfield code="b">[kxd]</subfield>
   <subfield code="c">2013</subfield>
  </datafield>
  <datafield tag="300" ind1="#" ind2="#">
   <subfield code="c">27 cm.</subfield>
   <subfield code="a">123 tr.</subfield>
  </datafield>
  <datafield tag="500" ind1="#" ind2="#">
   <subfield code="a">Đầu bìa sách ghi: Bộ Giáo dục và Đào tạo MOET. Ngân hàng phát triển Châu Á ADB. Dự án PT GV THPT&amp;TCCN- Trường Đại học Sư phạm- Đại học Thái Nguyên</subfield>
  </datafield>
  <datafield tag="653" ind1="#" ind2="#">
   <subfield code="a">Công nghệ</subfield>
  </datafield>
  <datafield tag="653" ind1="#" ind2="#">
   <subfield code="a">Dạy học</subfield>
  </datafield>
  <datafield tag="653" ind1="#" ind2="#">
   <subfield code="a">Tài liệu</subfield>
  </datafield>
  <datafield tag="653" ind1="#" ind2="#">
   <subfield code="a">Kỹ thuật công nghiệp</subfield>
  </datafield>
  <datafield tag="653" ind1="#" ind2="#">
   <subfield code="a">Hổ trợ</subfield>
  </datafield>
  <datafield tag="653" ind1="#" ind2="#">
   <subfield code="a">Giáo viên tập sự</subfield>
  </datafield>
  <datafield tag="852" ind1="#" ind2="#">
   <subfield code="j">KGT.0046144, KGT.0046145, KGT.0046146, KGT.0046147, KGT.0046148, KGT.0046149, KGT.0046150, KGT.0046151, KGT.0046152, KGT.0046153, KGT.0046154, KGT.0046155, KGT.0046156, KGT.0046157, KGT.0046158, KGT.0046159, KGT.0046160, KGT.0046161, KGT.0046162, KGT.0046163, KGT.0046164, KGT.0046165, KGT.0046166, KGT.0046167, KGT.0046168, KGT.0046169, KGT.0046170, KGT.0046171, KGT.0046172, KGT.0046173, KGT.0046174, KGT.0046175, KGT.0046176, KGT.0046177, KGT.0046178, KGT.0046179, KGT.0046180, KGT.0046181, KGT.0046182, KGT.0046183, KGT.0046184, KGT.0046185, KGT.0046186, KGT.0046187, KGT.0046188, KGT.0046189, KGT.0046190, KGT.0046191, KGT.0046192, KGT.0046193, KGT.0046194, KGT.0046195, KGT.0046196, KGT.0046197, KGT.0046198, KGT.0046199, KGT.0046200, KGT.0046201, KGT.0046202, KGT.0046203, KGT.0046204, KGT.0046205, KGT.0046206, KGT.0046207, KGT.0046208, KGT.0046209, KGT.0046210, KGT.0046211, KGT.0046212, KGT.0046213, KGT.0046214, KGT.0046215, KGT.0046216, KGT.0046217, KGT.0046218, KGT.0046219, KGT.0046220, KGT.0046221, KGT.0046222, KGT.0046223, KGT.0046224, KGT.0046225, KGT.0046226, KGT.0046227, KGT.0046228, KGT.0046229, KGT.0046230, KGT.0046231, KGT.0046232, KGT.0046233, KGT.0046234, KGT.0046235, KGT.0046236, KGT.0046237, KGT.0046238, KGT.0046239, KGT.0046240, KGT.0046241, KGT.0046242, KGT.0046243, KGT.0046244, KGT.0046245, KGT.0046246, KGT.0046247, KGT.0046248, KGT.0046249, KGT.0046250, KGT.0046251, KGT.0046252, KGT.0046253, KGT.0046254, KGT.0046255, KGT.0046256, KGT.0046257, KGT.0046258, KGT.0046259, KGT.0046260, KGT.0046261, KGT.0046262, KGT.0046263, KGT.0046264, KGT.0046265, KGT.0046266, KGT.0046267, KGT.0046268, KGT.0046269, KGT.0046270, KGT.0046271, KGT.0046272, KGT.0046273, KGT.0046274, KGT.0046275, KGT.0046276, KGT.0046277, KGT.0046278, KGT.0046279, KGT.0046280, KGT.0046281, KGT.0046282, KGT.0046283, KGT.0046284, KGT.0046285, KGT.0046286, KGT.0046287, KGT.0046288, KGT.0046289, KGT.0046290, KGT.0046291, KGT.0046292, KGT.0046293, KGT.0046294, KGT.0046295, KGT.0046296, KGT.0046297</subfield>
   <subfield code="b">Kho giáo trình</subfield>
  </datafield>
  <datafield tag="852" ind1="#" ind2="#">
   <subfield code="j">KD.0015521</subfield>
   <subfield code="b">Kho đọc</subfield>
  </datafield>
  <datafield tag="852" ind1="#" ind2="#">
   <subfield code="b">Kho mượn</subfield>
   <subfield code="j">KGT.0046144</subfield>
  </datafield>
  <datafield tag="910" ind1=" " ind2=" ">
   <subfield code="d">11/02/2014</subfield>
  </datafield>
  <datafield tag="980" ind1="#" ind2="#">
   <subfield code="a">Trung tâm Học liệu Lê Vũ Hùng, Trường Đại học Đồng Tháp</subfield>
  </datafield>
 </record>
</collection>
